| 000 | 01669cam a22004337a 4500 | ||
|---|---|---|---|
| 003 | CHAP | ||
| 005 | 20220817043706.0 | ||
| 008 | 000801d1999 mx a r 00110 esp d | ||
| 010 | _a81911 | ||
| 011 | _a82883 | ||
| 020 | _a9687798734 | ||
| 035 | _a93388 | ||
| 040 | _cCHAP | ||
| 082 | 0 | 4 |
_a338.972 _bW5 |
| 100 | 0 | 0 |
_aWilkie, James W. _eed. _9121967 |
| 245 | 1 | 0 |
_aMéxico y el mundo : México and the world _c/ed. por James W. Wilkie, Alejandro Mungaray Lagarda y Jesús Arroyo Alejandre |
| 260 |
_aMéxico, D. F. : _bAsociación Nacional de Universidades e Instituciones de Educación Superior, _c1999. |
||
| 300 |
_a456 p. : _bilus. ; gráfs. |
||
| 410 | _aANUIES | ||
| 490 | 0 | _aBiblioteca de la educación superior. Serie memorias | |
| 500 | _aMemoria de la IX Reunión ANUIES-PROFMEX | ||
| 590 |
_aBATCH-UPD _b10 _c20130109 _lUCH01 _h2334 |
||
| 590 |
_aBATCH-UPD _b10 _c20130110 _lUCH01 _h0154 |
||
| 590 |
_aBATCH-UPD _b10 _c20130110 _lUCH01 _h1643 |
||
| 590 |
_aBATCH-UPD _b10 _c20130409 _lUCH01 _h1901 |
||
| 590 |
_aBATCH-UPD _b10 _c20130410 _lUCH01 _h0045 |
||
| 590 |
_aBATCH-UPD _b10 _c20130914 _lUCH01 _h0402 |
||
| 590 |
_aCONVERSION _b10 _c20130109 _lUCH01 _h1345 |
||
| 650 | 1 | 4 |
_aMéxico _xCondiciones económicas. |
| 700 | 0 |
_aArroyo Alejandre, Jesús. _97515 |
|
| 700 | 0 |
_aMungaray Lagarda, Alejandro. _979483 |
|
| 711 | 0 |
_aReunión Internacional de PROFMEX-ANUIES _n(9 : _d1997 : _cMorelia, Mich.) _996394 |
|
| 810 | 0 | 0 |
_aANUIES _96161 |
| 830 | 0 | 0 |
_aBiblioteca de la educación superior. Serie memorias _912326 |
| 901 | _aBK | ||
| 905 | _aBlanca M. García O. | ||
| 942 | _cLIBRO | ||
| 949 |
_a338.972 W5 _bBC _cLIBRO _d33724000782132 _eLIBRO _h98463 _i93388 _si |
||
| 999 |
_c81911 _d81911 |
||